| 000 | 00929nam a2200229 u 4500 | ||
|---|---|---|---|
| 001 | 000629160 | ||
| 003 | AM-YeHGA | ||
| 005 | 20250618073238.0 | ||
| 008 | 090204s1984 ||||||||||||||||||||rus|c | ||
| 040 | _aAM-YeHGA | ||
| 041 | 0 | _arus | |
| 245 | 0 | 0 |
_aЭнциклопедический словарь юного физика : _bДля среднего и старшего школьного возраста / _cСост. В.А. Чуянов ; Редкол.: А.Б. Мигдал и др. |
| 260 |
_aМосква : _bПедагогика, _c1984. |
||
| 300 |
_a352 стр. : _bилл. ; _c24 см. |
||
| 650 | 1 | 4 |
_aФизика _951 |
| 650 | 1 | 4 | _aЭнциклопедический словарь |
| 700 | 1 |
_aЧуянов, В.А. _eсост. _4com |
|
| 700 | 1 |
_aМигдал, А.Б. _eред. _4edt |
|
| 700 | 1 |
_aАсламазов, Л.Г. _eред. _4edt |
|
| 700 | 1 |
_aВасильев, Ю.В. _eред. _4edt |
|
| 090 | _c220293 | ||
| 999 |
_c218765 _d218765 |
||